Statistics for Every Minecraft Block and Item - Transportation

Click here to take the quiz!

General Stats

  • This quiz has been taken 5 times
  • The average score is 15 of 19

Answer Stats

Block% Correct
Acacia Boat
100%
Minecart
100%
Spruce Boat
100%
Oak Boat
100%
Minecart with TNT
100%
Minecart with Furnace
100%
Minecart with Chest
100%
Birch Boat
100%
Dark Oak Boat
100%
Jungle Boat
75%
Elytra
75%
Minecart with Hopper
75%
Activator Rail
50%
Detector Rail
50%
Carrot on a Stick
50%
Powered Rail
50%
Rail
50%
Saddle
50%
Warped Fungus on a Stick
50%

Score Distribution

Percentile by Number Answered

Percent of People with Each Score

Your Score History

You have not taken this quiz